Caricamento...

ഉണ്ണിക്കുട്ടൻ്റെ ഡോക്ടർ

Dettagli Bibliografici
Autore principale: Venugopal K P
Natura: Printed Book
Pubblicazione: Thiruvananthapuram Kerala state institute of children's literature 2012
Soggetti:
LEADER 00665nam a22001817a 4500
003 OSt
020 |a 9788184941968 
082 |a 808.89  |b VEN/UN 
100 |a Venugopal K P 
245 |a ഉണ്ണിക്കുട്ടൻ്റെ ഡോക്ടർ  
260 |a Thiruvananthapuram  |b Kerala state institute of children's literature  |c 2012 
300 |a 72 
500 |a Unnikkuttante doctor 
650 |a Science 
650 |a Malayalam literature 
942 |2 ddc  |c BK 
999 |c 142958  |d 142958 
952 |0 0  |1 0  |2 ddc  |4 0  |6 808_890000000000000_VENUN  |7 0  |8 Gen  |9 141954  |a KAUCLV  |b KAUCLV  |c GENERAL  |d 2016-09-20  |g 65.00  |l 6  |m 1  |o 808.89 VEN/UN  |p 225302  |r 2020-10-30  |s 2020-10-30  |w 2016-09-20  |y BK